Find the famous authors by book name - Statistics

General Stats
  • This quiz has been taken 27 times
  • The average score is 8 of 9
Answer Stats
Question Tile Select % Correct
Harry Potter Growling No
96%
Harry Potter Hamad Thani No
96%
Harry Potter JK Rowling Yes
96%
Alice in Wonderland Lewis No
96%
Alice in Wonderland George Stephen No
87%
Train To Pakistan Kushwant No
87%
Alice in Wonderland Lewis carol Yes
87%
Train To Pakistan Kedarnath Singh No
70%
Train To Pakistan Kushwant Singh Yes
61%
No matching quizzes found
Score Distribution
Percent of People with Each Score
Percentile by Number Answered
Your Score History
You have not taken this quiz